Tanévkezdés, tankönyv gondok
Elmentve itt :
| Szerző: | |
|---|---|
| Adatforrás: | Meister |
| Forrásdokumentuma: | A Hét. - 39 sz., 1991, 1-2 p. |
| Nyelv: | magyar |
| Kulcsszavak: | pedagógia tankönyvek |
| LEADER | 00344nab a2200133 i 4500 | ||
|---|---|---|---|
| 001 | bibPRO00005129 | ||
| 008 | 060524s1991 xx hun | ||
| 040 | |a Sz1 | ||
| 041 | |a hun | ||
| 100 | 1 | |a GYÖRFI Ibolya | |
| 245 | 1 | 0 | |a Tanévkezdés, tankönyv gondok |c GYÖRFI Ibolya |
| 695 | |a pedagógia | ||
| 695 | |a tankönyvek | ||
| 773 | 0 | |t A Hét. - |g 39 sz., 1991, 1-2 p. | |